000
00302nam a2200133Ia 4500
008
230312s9999||||xx |||||||||||||| ||und||
082
_a
891.4
_b
EKR-T
100
_a
Ekrem dumanli
245
0
_a
Time to talk
260
_b
Harmony
_a
pakisrtan
_c
2015
300
_a
94
650
_a
Literature
942
_c
BK
999
_c
14754
_d
14754